Normale Ansicht MARC-Ansicht

Eintrag Körperschaftsname

Verwendet in 1 Titel(n)

001 - Kontrollnummer

  • Kontrollfeld: 65762

003 - Kontrollnummer Identifier

  • Kontrollfeld:

005 - Datum und Zeit der letzten Transaktion

  • Kontrollfeld: 20250211172159.0

008 - Datenelemente mit fester Länge

  • Kontrollfeld mit fester Länge: 250211|| aca||aabn | a|a d

040 ## - Katalogisierungsquelle

  • Original-Katalogisierungsstelle:
  • Übertragungsstelle:

110 ## - Ansetzung - Körperschaftsname

  • Körperschafts- oder Gebietskörperschaftsname als Eintragungselement: Korneli Kekelijis Sax. Xelnacert̕a Erovnuli C̕entri

670 ## - Datenquelle

  • Quellenangabe: Work cat.: ()72138: K̕ek̕elia, Vladimer Zusammenstellender com 65756, Uc̕xoet̕ši gadacerili k̕art̕uli xelnacerebi Sak̕art̕velos sijvelet̕sacavebši